000 00810nam a2200241Ia 4500
008 191130s2007##################000#0#eng##
020 _a9781403977335
022 _a2007004795
040 _aACL
_cACL
082 _a332.042 AIT
100 _aAitken, Rob
245 _aPerforming capital : toward a cultural economy of popular and global finance
_cRob Aitken
250 _a1st ed
260 _aBasingstoke, Hampshire
_bPalgrave Macmillan
_c2007
300 _aviii, 247 p. : ill. ; 22 cm
500 _aIncludes bibliographical references (p. [217]-238) and index
650 _aCapitalism - Social aspects
650 _aFinance - Social aspects
650 _aWhitman College - Memorial bookplates - Class of 1952
990 _a197360d0ac10000c7e511d6279dfbae8
991 _a144326
999 _c34063
_d34063